Sports Quiz

Random Sports or Country Quiz

Rugby Union 100 Caps Quiz Stats

Quiz not verified by Sporcle

Challenge
Share
Tweet
Embed
Score 0/23 Timer 05:00
0 Plays Today
Nationality Player % Correct
IrishBrian O'Driscoll
93.7%
AustralianGeorge Gregan
87.4%
New ZealandRichie McCaw
82.1%
IrishRonan O'Gara
80%
EnglishJason Leonard
75.8%
WelshStephen Jones
66.3%
WelshMartyn Williams
65.3%
South AfricanJohn Smit
62.1%
AustralianGeorge Smith
55.8%
South AfricanVictor Matfield
54.7%
ScottishChris Paterson
54.7%
IrishJohn Hayes
51.6%
Nationality Player % Correct
FrenchFabien Pelous
44.2%
Australian Stephen Larkham
44.2%
South AfricanPercy Montgomery
43.2%
WelshGareth Thomas
43.2%
AustralianDavid Campese
40%
FrenchPhillipe Sella
38.9%
ItalianAlessandro Troncon
32.6%
AustralianNathan Sharpe
30.5%
New ZealandMils Muliaina
24.2%
ItalianAndrea Lo Cicero
22.1%
New ZealandKevin Mealarmu
2.1%

You're not logged in!

Compare scores with friends on all Sporcle quizzes.
Sign Up with Email
OR
Log In

You Might Also Like...

Show Comments

Extras

Top Quizzes Today


Score Distribution

Your Account Isn't Verified!

In order to create a playlist on Sporcle, you need to verify the email address you used during registration. Go to your Sporcle Settings to finish the process.